1231 1945 1960 1601 1226 1281 1726 1627 1926 1264 1413 1867 1015 1230 1156 1452 1572 1197 1238 1945 1333 1899 1122 1713 1928 1284 1599 1746 1118 1158 1077 1663 1007 1181 1659 1711 1352 1051 1134 1522 1741 1403 1958 1955 1126 1350 1723 1854 1874 1975 1161 1524 1294 1988 1339 1491 1316 1420 1043 1349 1486 1374 1713 1938 1263 1118 1598 1938 1216 1321 1435 1636 1708 1024 1429 1921 1073 1123 1523 1373 1974 1210 1132 1464 1073 1906 1599 1259 1596 1057 1658 1941 1273 1518 1125 1581 1382 1671 1940 BCNSPRNW ULIB Ver.6.0+V

เปลี่ยนเป็นภาษาไทย

Change to English
 แสดงรายละเอียดบรรณานุกรม
  กลับหน้าหลัก

Brief Record : Get Marc (ISO 2709) : E-mail record : QR code < ปิดหน้าต่าง
LEADER : 00000nam 2200000uu 4500
001    13399112963
003     ULIB
008    110920s2554||||th 000 0 tha d
020    9786165001328
090    นว.^bซ116ค
100 0  ซ่อนกลิ่น
245 00 คุณชายรัชชานนท์/^cซ่อนกลิ่น
250    พิมพ์ครั้งที่ 4
260    กรุงเทพฯ :^bพิมพ์คำ,^c2554
300    451 หน้า
490 0  นวนิยายชุด สุภาพบุรุษจุฑาเทพ
945    ^p270^l0^i18627
995    กัณชพร
999    ^aใช้งานได้ทุกระบบ
รายการนี้ยังไม่มีแท็ก
คุณยังไม่ได้ล็อกอิน คุณสามารถมีกิจกรรมร่วมกับเว็บไซต์ได้ แต่ต้องล็อกอินก่อน ::
  ล็อกอิน

รายการสื่อสารสนเทศ

ลำดับที่ ประเภท เลขเรียก/บาร์โค้ด สถานที่ สถานะ
1. นวนิยาย
นวนิยาย
นว. ซ116ค  
  Barcode: 18627
ห้องสมุดวิทยาเขตสวรรค์ประชารักษ์
►นวนิยาย
บนชั้น
  ขอยืม

รายการใกล้เคียง
    ผู้แต่ง [ซ่อนกลิ่น]

BibComment


ยังไม่เคยถูกคอมเมนท์

คอมเมนท์ทรัพยากรรายการนี้
  คอมเมนท์: คุณชายรัชชานนท์ ซ..


 Copyright 2026. Bcnsprnw @Library